| 000 | 00000nam##2200000za#4500 |
| 001 | 9.639358 |
| 003 | CaOODSP |
| 005 | 20220328113316 |
| 007 | cr ||||||||||| |
| 008 | 150407|2001||||xxc|||||o f|0| 0 fre|d |
| 040 | |aCaOODSP|bfre |
| 043 | |an-cn--- |
| 086 | 1 |aC21-34/1-2001F-PDF |
| 110 | 1 |aCanada. |bIndustrie Canada. |
| 245 | 13|aLe Programme Rescol à la Source |h[ressource électronique] |
| 260 | |bIndustrie Canada |cLe 26 février 2001. |
| 300 | |a32p. |
| 500 | |aComprend: quatre rapports du Conference Board du Canada dans le Série d'études de cas (études de cas 34, 36-38). |
| 590 | |a11-29-Supp|b2011-11-25 |
| 691 | 07|aRessources pédagogiques|2gcpds |
| 691 | 07|aTechnologie éducative|2gcpds |
| 691 | 07|aTechnologie de l'information|2gcpds |
| 710 | 2 |aConference Board du Canada. |
| 775 | 08|tCanada's SchoolNet GrassRoots Program |w(CaOODSP)9.695212 |
| 856 | 40|ahttp://publications.gc.ca|qPDF|s1.43 Mo|uhttps://publications.gc.ca/collections/Collection/C21-34-1-2001F.pdf |